|
|
|
|
| LEADER |
02260nam a22003257a 4500 |
| 001 |
19149 |
| 003 |
BD-DhAAL |
| 008 |
230228r20001966ii ||||| b||| 001 0 ben d |
| 020 |
|
|
|a 9788185459417
|
| 040 |
|
|
|a BD-DhAAL
|c BD-DhAAL
|
| 041 |
|
|
|a ben
|
| 082 |
|
|
|a 333.3154
|
| 100 |
|
|
|a রায়, সুপ্রকাশ
|9 53756
|
| 245 |
|
|
|a ভারতের কৃষক-বিদ্রোহ ও গণতান্ত্রিক সংগ্রাম /
|c সুপ্রকাশ রায়.
|
| 246 |
|
|
|a Bharater krishak bidroha o ganatantrik sangram [a history of Indian peasant-revolt and democratic struggle]
|
| 260 |
|
|
|a কলকাতা :
|b বুক ওয়ার্লড ;
|b র্যাডিক্যাল ইম্প্রেশন,
|c ১৯৬৬ [অষ্টম সংস্করণ ২০০০ র্যাডিক্যাল সংস্করণ ২০১২ ].
|
| 300 |
|
|
|a ৪৩২ পৃষ্ঠা,
|a ৫১২ পৃষ্ঠা ;
|c ২২ সে.মি.
|
| 526 |
|
|
|a GenEd
|
| 541 |
|
|
|a Donated By Akbar Ali Khan
|e 40505, 19149, 41469, 41470, 41471
|
| 650 |
|
|
|a Land reform
|z India.
|
| 650 |
|
|
|a Peasant uprisings
|z India.
|9 14428
|
| 650 |
|
|
|a Economics.
|
| 852 |
|
|
|a Ayesha Abed Library
|c Akbar Ali Khan Collection
|
| 942 |
|
|
|2 ddc
|c BK
|
| 999 |
|
|
|c 45538
|d 45538
|
| 952 |
|
|
|0 0
|1 0
|2 ddc
|4 0
|6 333_315400000000000_ROY
|7 1
|9 73300
|a BRACUL
|b BRACUL
|c AAKC
|d 2023-02-28
|e Donated By Akbar Ali Khan
|g 200.00
|l 0
|o 333.3154 ROY
|p 3010040505
|r 2023-02-28
|t 1
|w 2023-02-28
|y BK
|
| 952 |
|
|
|0 0
|1 0
|2 ddc
|4 0
|6 333_315400000000000_ROY
|7 0
|9 73746
|a BIGD
|b BIGD
|c GEN
|d 2023-06-07
|g 250.00
|l 0
|o 333.3154 ROY
|p 3050019149
|r 2023-06-07
|t 2
|w 2023-06-07
|y BK
|x Transferred from BDI to BIGD.
|
| 952 |
|
|
|0 0
|1 0
|2 ddc
|4 0
|6 333_315400000000000_ROY
|7 0
|9 73870
|a SCL
|b SCL
|c GEN
|d 2023-06-24
|e Prothoma
|g 902.50
|l 9
|m 11
|o 333.3154 ROY
|p 3020041469
|r 2025-04-15
|s 2025-04-13
|t 3
|v 950.00
|w 2023-06-24
|y BK
|
| 952 |
|
|
|0 0
|1 0
|2 ddc
|4 0
|6 333_315400000000000_ROY
|7 0
|9 73871
|a SCL
|b SCL
|c GEN
|d 2023-06-24
|e Prothoma
|g 902.50
|l 4
|m 11
|o 333.3154 ROY
|p 3020041471
|r 2025-07-19
|s 2025-07-03
|t 5
|v 950.00
|w 2023-06-24
|y BK
|
| 952 |
|
|
|0 0
|1 0
|2 ddc
|4 0
|6 333_315400000000000_ROY
|7 0
|9 73872
|a SCL
|b SCL
|c GEN
|d 2023-06-24
|e Prothoma
|g 902.50
|l 2
|m 8
|o 333.3154 ROY
|p 3020041470
|r 2023-12-08
|s 2023-10-12
|t 4
|v 950.00
|w 2023-06-24
|y BK
|